90 câu hỏi-đáp nuôi và kinh doanh Đà Điễu

Guardat en:
Dades bibliogràfiques
Autor principal: Việt Chương
Format: Llibre
Idioma:Undetermined
Publicat: Hải phòng Hải Phòng 2004
Matèries:
Etiquetes: Afegir etiqueta
Sense etiquetes, Sigues el primer a etiquetar aquest registre!
Thư viện lưu trữ: Trung tâm Học liệu Trường Đại học Cần Thơ
LEADER 00545nam a2200193Ia 4500
001 CTU_74326
008 210402s9999 xx 000 0 und d
020 |c 9000 
082 |a 636.694 
082 |b V308 
100 |a Việt Chương 
245 0 |a 90 câu hỏi-đáp nuôi và kinh doanh Đà Điễu 
245 0 |c Việt Chương 
260 |a Hải phòng 
260 |b Hải Phòng 
260 |c 2004 
650 |a Animal husbandry,Ostriches 
904 |i Năm 
980 |a Trung tâm Học liệu Trường Đại học Cần Thơ